Vista normal
Vista MARC
Entrada Topical Term
Número de registros utilizados en: 2
001 - CONTROL NUMBER
- control field: 6472
003 - CONTROL NUMBER IDENTIFIER
- control field: OSt
005 - DATE AND TIME OF LATEST TRANSACTION
- control field: 20200702121518.0
008 - FIXED-LENGTH DATA ELEMENTS
- fixed length control field: 200702|| aca||aabn | a|a d
040 ## - CATALOGING SOURCE
- Original cataloging agency: OSt
- Transcribing agency: OSt
150 ## - HEADING--TOPICAL TERM
- Topical term or geographic name entry element: Estado de finanzas departamentales
670 ## - SOURCE DATA FOUND
- Source citation: Work cat.: (OSt)4120: Colombia. Departamento de Cundinamarca Secretaría de Hacienda 6471, Estado de las finanzas del departamento 1998-2000 : Logros y resultados /, 2001.